Sustainable tourism / (Record no. 79185)
[ view plain ]
| 000 -LEADER | |
|---|---|
| fixed length control field | 00616cam a22002174i 4500 |
| 003 - CONTROL NUMBER IDENTIFIER | |
| control field | URS |
| 005 - DATE AND TIME OF LATEST TRANSACTION | |
| control field | 20240419213625.0 |
| 020 ## - INTERNATIONAL STANDARD BOOK NUMBER | |
| International Standard Book Number | 9786210401028 |
| 040 ## - CATALOGING SOURCE | |
| Original cataloging agency | DAIT |
| Language of cataloging | eng |
| Description conventions | rda |
| Modifying agency | URS |
| Transcribing agency | URS |
| 050 14 - LIBRARY OF CONGRESS CALL NUMBER | |
| Classification number | FIL G 156.5.P6 |
| Item number | .C899 2019 |
| 100 1# - MAIN ENTRY--PERSONAL NAME | |
| Personal name | Cruz, Reil G. |
| Relator term | author. |
| 245 10 - TITLE STATEMENT | |
| Title | Sustainable tourism / |
| Statement of responsibility, etc. | by Reil G. Cruz, Ph.D. |
| 264 #1 - PRODUCTION, PUBLICATION, DISTRIBUTION, MANUFACTURE, AND COPYRIGHT NOTICE | |
| Place of production, publication, distribution, manufacture | Manila : |
| Name of producer, publisher, distributor, manufacturer | Rex Book Store, |
| Date of production, publication, distribution, manufacture, or copyright notice | [2019]. |
| 264 #4 - PRODUCTION, PUBLICATION, DISTRIBUTION, MANUFACTURE, AND COPYRIGHT NOTICE | |
| Date of production, publication, distribution, manufacture, or copyright notice | copyright 2019 |
| 300 ## - PHYSICAL DESCRIPTION | |
| Extent | xi, 219 pages ; |
| Dimensions | 25 cm |
| 336 ## - CONTENT TYPE | |
| Content type term | text |
| Content type code | txt |
| Source | rdacontent |
| 337 ## - MEDIA TYPE | |
| Media type term | unmediated |
| Media type code | n |
| Source | rdamedia |
| 338 ## - CARRIER TYPE | |
| Carrier type term | volume |
| Carrier type code | nc |
| Source | rdacarrier |
| 650 #0 - SUBJECT ADDED ENTRY--TOPICAL TERM | |
| Topical term or geographic name entry element | Tourism |
| Geographic subdivision | Philippines. |
| 942 ## - ADDED ENTRY ELEMENTS (KOHA) | |
| Koha item type | Books |
| Source of classification or shelving scheme | Library of Congress Classification |
| Withdrawn status | Source of classification or shelving scheme | Damaged status | Not for loan | Home library | Current library | Shelving location | Date acquired | Total Checkouts | Full call number | Barcode | Date last seen | Price effective from | Koha item type |
|---|---|---|---|---|---|---|---|---|---|---|---|---|---|
| Library of Congress Classification | Angono College Library | Angono College Library | Filipiniana Section | 04/19/2024 | FIL G 156.5.P6 .C899 2019 | URSANG-6392 | 04/19/2024 | 04/19/2024 | Books | ||||
| Library of Congress Classification | Angono College Library | Angono College Library | Filipiniana Section | 04/19/2024 | FIL G 156.5.P6 .C899 2019 | URSANG-6391 | 04/19/2024 | 04/19/2024 | Books | ||||
| Library of Congress Classification | Angono College Library | Angono College Library | Filipiniana Section | 04/19/2024 | FIL G 156.5.P6 .C899 2019 | URSANG-6390 | 04/19/2024 | 04/19/2024 | Books | ||||
| Library of Congress Classification | Angono College Library | Angono College Library | Filipiniana Section | 04/19/2024 | FIL G 156.5.P6 .C899 2019 | URSANG-6397 | 04/19/2024 | 04/19/2024 | Books | ||||
| Library of Congress Classification | Angono College Library | Angono College Library | Filipiniana Section | 04/19/2024 | FIL G 156.5.P6 .C899 2019 | URSANG-6389 | 04/19/2024 | 04/19/2024 | Books | ||||
| Library of Congress Classification | Angono College Library | Angono College Library | Filipiniana Section | 04/19/2024 | FIL G 156.5.P6 .C899 2019 | URSANG-6393 | 04/19/2024 | 04/19/2024 | Books |